Loading...
Geography | 2 | 1 | 0 | 1 | 40 | 66 | 102.00 | 0 | 3 |
Fine Arts - Auditory Fine Arts | 0 | 5 | 2 | 1 | 40 | 92 | 121.20 | 4 | 5 |
Current Events | 1 | 1 | 0 | 0 | 25 | 75 | 85.50 | 0 | 2 |
Fine Arts - Visual Fine Arts | 0 | 2 | 0 | 0 | 20 | 106 | 113.50 | 2 | 2 |
Other Academic | 0 | 2 | 0 | 1 | 20 | 125 | 134.50 | 0 | 2 |
History - World History | 0 | 2 | 0 | 2 | 20 | 123 | 133.00 | 1 | 2 |
Science - Chemistry | 0 | 2 | 1 | 0 | 15 | 95 | 108.00 | 1 | 2 |
Mythology | 0 | 1 | 0 | 1 | 10 | 147 | 147.00 | 1 | 1 |
History - Ancient History | 0 | 1 | 0 | 0 | 10 | 124 | 124.00 | 0 | 1 |
Religion | 0 | 1 | 0 | 0 | 10 | 94 | 94.00 | 0 | 1 |
Science - Biology | 0 | 1 | 0 | 1 | 10 | 131 | 131.00 | 0 | 1 |
Science - Physics | 0 | 1 | 0 | 1 | 10 | 135 | 135.00 | 0 | 1 |
Social Science | 0 | 1 | 1 | 1 | 5 | 146 | 146.00 | 1 | 1 |